01655nam a22002417a 45000010005000000030006000050050017000110080041000280400030000690500016000990820012001151000033001272450050001602600051002103000025002615050007002865200896002935210018011897000022012079420015012299990015012449520154012593712FISKH20240423143306.0240423b cb ||||| |||| 00| 0 eng d aFISK beng cFISK dFISK  aPS3515.E37  a813.52  aHemingway Ernestd1899-1961  aFor whom the bell tolls / cErnest Hemingway  aLondon : bArcturus Publishing Limited, c2019 a495 pages : c20 cm  aO  aIn 1937 Ernest Hemingway traveled to Spain to cover the civil war there for the North American Newspaper Alliance. Three years later he completed the greatest novel to emerge from "the good fight" and one of the foremost classics of war literature. For Whom the Bell Tolls tells of loyalty and courage, love and defeat, and the tragic death of an ideal. Robert Jordan, a young American in the International Brigades, is attached to an antifascist guerilla unit in the mountains of Spain. In his portrayal of Jordan's love for the beautiful Maria and his superb account of a guerilla leader's last stand, Hemingway creates a work at once rare and beautiful, strong and brutal, compassionate, moving, and wise. Greater in power, broader in scope, and more intensely emotional than any of the author's previous works, For Whom the Bell Tolls stands as one of the best war novels ever written. 8 a840 bLexile  aErnest Hemingway  2lcccBKn0 c3712d3712 00102lcc40708FICa002b002cSBSd2024-04-23l2oHEM PS3515.E37 813.52 p2024-0499q2026-04-15r2026-04-01 08:14:00s2026-04-01t1w2024-04-23yBK